Estatísticas para Quiz de Timor-Leste

Clique aqui para jogar o quiz

Estatísticas Gerais

  • Esse quiz foi jogado 546 vezes
  • A pontuação média é 8 de 14

Estatísticas das Respostas

DicaResposta% Correto
Timor-Leste foi uma colônia deste país entre 1700 e 1975Portugal
95%
Línguas oficiaisPortuguês
93%
País que anexou Timor-Leste em 1975Indonésia
91%
CapitalDíli
73%
Primeiro país a reconhecer a anexação que também foi
flagrado espionando Timor-Leste em 2004
Austrália
63%
O único outro país predominantemente católico na ÁsiaFilipinas
62%
Grão que corresponde por 22% das exportações totaisCafé
54%
Moeda oficialDólar Americano
53%
Nomeie um dos três grandes mares fazendo fronteira com Timor-LesteBanda | Savu | Timor
52%
Segundo o mito da criação timorense, a ilha de Timor foi feita
a partir do corpo deste réptil
Crocodilo
42%
É responsável por quase metade das exportações totais do paísPetróleo
42%
A palavra "Timor" vem da palavra "timur" do malaio, que significa ...Leste
32%
Línguas oficiaisTétum
29%
A ilha de Timor faz parte deste arquipélagoPequenas Ilhas da {Sonda}
17%

Distribuição das Pontuações

Percentil de Números Respondidos

Porcentagem de Pessoas com Cada Pontuação

Sua Pontuação Histórica

Você não jogou esse quiz